000 00898naa a22002777a 4500
001 BR6200353
003 BR-BrBNA
005 20240918173245.0
007 ta
008 230509b bl.||||| |||| 00| 0 por d
040 _aBR-BrBNA
_bpor
_cBiblioteca Nacional de Agricultura
041 _a(Pt)
072 _aF25
_b1850
_b3820
090 _aF25 BR6200353
100 1 _aViana, A.
100 1 _aCouto, F.A.A.
245 1 _aAdubacao azotada do tomateiro [nitrogenio]
260 3 _aVicosa, MG (Brasil):
_c1962.
500 _aOlericultura, v. 2 Vicosa, MG (Brasil): 1962. p. 10-24 (BR6200353-AM)F25
650 _aTOMATE
650 _aADUBACAO
650 _aFERTILIZANTE NITROGENADO
773 0 _tOlericultura, v. 2 : 2. Congresso da Sociedade de Olericultura do Brasil /
_w1300 BR6200351
_gVicosa, MG (Brasil), 1962.
_q262 p.
909 _a202404
_bLucia
_c55
_dLucia Elande
942 _cAM
_2AGRIS
999 _c303618
_d303618